00683nam a22002297a 450000500170000001000130001702000250003003500130005503700160006804000120008408200160009624500750011224600060018726000360019327000440022930000260027349000480029950000190034765000420036665000270040870000180043520170124105911.0 aB-168443 a978031322945c950.00 aB-168443 bCen Lib/Ret aDPLbEN a020.23bEXP aExpectations of librarians in the 21 century /cedited by Karl Bridges b  bGreenwood Pressc2003aWestport a88, Post Road West bWestporteCT 06881 axiv, 235p.c22cm(pbk) aThe greenwood library management collection aincludes index aLibrary sciencesxVocational guidence aLibrariansxEmployment aBridges, Karl